00857nam a22001577a 4500003000900000005001700009008004100026040001300067100003700080245001700117250001100134260004500145300001800190490004100208520045000249IT-RoPau20220918181105.0130508b xxu||||| |||| 00| 0 eng d cIT-RoPau aCentro di Spiritualità Paolina aInformazione a1° ed aAriccia (Roma)bCasa Divin Maestroc1973 a28 pp.c28 cm aInformazionevn° 11 - Novembre 1973 aSommario Nel Cristo Via, Verità e Vita 1. A due anni dalla morte di don Giacomo Alberione: dilexit Ecclesiam. 2. "Via, Verità e Vita": principio ispiratore dell'apostolato paolino 1. Natura dell'apostolato 2. Il vero senso pastorale 3. Le attese e i bisogni dell'uomo 4. Le masse, bisognose del Cristo. 5. Quali scelte? Quale redazione? 3. Don Francesco S. Borrano: Il sacerdote paolino. 4. Dialogo nella Famiglia Paolina.